Kobenhavnernes indkomster 1980-1983

Guardado en:
Detalles Bibliográficos
Formato: Libro
Lenguaje:danés
Publicado: Kobenhavn Statistiske kontor 1985
Edición:1. ed.
Colección:Undersogelse Nr.23
Etiquetas: Agregar Etiqueta
Sin Etiquetas, Sea el primero en etiquetar este registro!

MARC

LEADER 00000nam a2200000 4500
001 c028401
005 20260119073542.7
041 0 |a dan 
044 |a DK 
245 1 0 |a Kobenhavnernes indkomster 1980-1983 
250 |a 1. ed. 
264 1 |a Kobenhavn  |b Statistiske kontor  |c 1985 
300 |a 98 s. 
490 1 |a Undersogelse  |v Nr.23 
830 0 |a Undersogelse  |v Nr.23